000 00341pam a2200157a 44500
008 230515b2011 xxu||||| |||| 00| 0 eng d
020 _aNULL
041 _aENGLISH
082 _a617/FAR
100 _aFARUQI
245 _aOSTEOLOGY FOR DENTAL STUDENTS
250 _a2
260 _a
_bC B S PUB
_c2011
300 _a297
650 _aNULL
999 _c563475
_d563475